|
|
|
|
| LEADER |
00000nam0a2200000 4500 |
| 001 |
228153 |
| 005 |
20231101230844.0 |
| 010 |
|
|
|a 5785501864
|
| 035 |
|
|
|a (RuTPU)RU\TPU\book\248603
|
| 090 |
|
|
|a 228153
|
| 100 |
|
|
|a 20121215d1989 m y0rusy50 ca
|
| 101 |
1 |
|
|a rus
|c eng
|
| 102 |
|
|
|a BY
|
| 105 |
|
|
|a y z 001zy
|
| 200 |
1 |
|
|a Операционное исчисление. Теория гиперфункций
|e пер. с англ.
|f К. Иосида
|g под ред. Я. В. Радыно
|
| 210 |
|
|
|a Минск
|c Университетское
|d 1989
|
| 215 |
|
|
|a 168 с.
|
| 320 |
|
|
|a Библиогр.: с. 168.
|
| 606 |
1 |
|
|a Операционное исчисление
|2 stltpush
|3 (RuTPU)RU\TPU\subj\47057
|9 66124
|
| 610 |
1 |
|
|a аналитическая теория
|
| 610 |
1 |
|
|a дифференциальные уравнения
|
| 610 |
1 |
|
|a функциональный анализ
|
| 610 |
1 |
|
|a операторы
|
| 610 |
1 |
|
|a линейные обыкновенные дифференциальные уравнения
|
| 610 |
1 |
|
|a дробные степени
|
| 610 |
1 |
|
|a гиперфункции
|
| 610 |
1 |
|
|a уравнения теплопроводности
|
| 610 |
1 |
|
|a одномерные волновые уравнения
|
| 610 |
1 |
|
|a телеграфные уравнения
|
| 610 |
1 |
|
|a операторные методы
|
| 610 |
1 |
|
|a упражнения
|
| 675 |
|
|
|a 517.445
|v 3
|
| 700 |
|
1 |
|a Иосида
|b К.
|g Косаку
|
| 702 |
|
1 |
|a Радыно
|b Я. В.
|4 340
|
| 801 |
|
1 |
|a RU
|b 63413507
|c 20121215
|
| 801 |
|
2 |
|a RU
|b 63413507
|c 20121219
|g RCR
|
| 942 |
|
|
|c BK
|